00585nam a2200145Ia 4500008004100000024006000041082001700101100008900118245002400207260002500231600002100256650003800277952010700315999001700422250506s9999 xx 000 0 und d a00A-BCS3-27, 00A-BCS3-42, 00A-BCS3-43 & 00A-BCS3-59 a004.6072 MUH aMuhammad Asif Baloch , Sharukh Shakil Khan , Ovais Farooq Khan & Syed Kamran Mustafa 0aE-Commerce Web Site aKarachi:bUIT,c2000 aComputer Science aBachelor of Computer Science (BS) 001040708PR-CSaUITUbUITUd2022-07-26l0o004.6072 MUHpBS-14r2025-05-06 11:34:32w2025-05-06yPR c28640d28640